000 00370nam a2200145Ia 4500
008 150201s2003 xx 000 0 und d
082 _a660
_bL2003G
100 _aGODKER
245 _aTEXTBOOK OF MEDICAL LABORATORY TECHNOLOGY
250 _a2ND
260 _bBHALANI PUBLISHING HOUSE
_aMUMBAI (INDIA)
_c2003
300 _a1-
650 _aBIOCHEMISTRY
942 _2ddc
_cBK
999 _c2709
_d2709